Statistics for Most Beautiful Cities in the World by Picture

Click here to take the quiz!

General Stats

  • This quiz has been taken 64 times
    (31 since last reset)
  • The average score is 8 of 19

Answer Stats

Answer% Correct
London
100%
Moscow
83%
Paris
70%
San Francisco
70%
Sydney
70%
Hong Kong
52%
Rio de Janeiro
52%
Amsterdam
48%
Cape Town
39%
Edinburgh
35%
Quebec City
30%
Rome
26%
Saint Petersburg
26%
Singapore
26%
Prague
17%
Bangkok
13%
Copenhagen
13%
Vancouver
13%
Istanbul
4%

Score Distribution

Percentile by Number Answered

Percent of People with Each Score

Your Score History

You have not taken this quiz since the last reset